[Event "Zurich Korchnoi Open 2017"]
[Site "Zurich SUI"]
[Date "2017.04.15"]
[Round "4.4"]
[White "Van Wely, Loek"]
[Black "Zhigalko, Andrey"]
[Result "1/2-1/2"]
[WhiteTitle "GM"]
[BlackTitle "GM"]
[WhiteElo "2669"]
[BlackElo "2577"]
[WhiteFideId "1000268"]
[BlackFideId "13502247"]
[EventDate "2017.04.13"]

1. Nf3 d5 2. d4 Nf6 3. c4 e6 4. Nc3 c5 5. cxd5 cxd4 6. Qxd4 exd5 7. e4 Nc6 8.
Bb5 dxe4 9. Qxd8+ Kxd8 10. Ng5 Be6 11. Bxc6 bxc6 12. Nxe6+ fxe6 13. Ke2 Bb4 14.
Na4 Ke7 15. Be3 Nd5 16. Rhc1 Nxe3 17. Kxe3 Rad8 18. Rc4 Bd2+ 19. Ke2 Bg5 20.
Rxe4 Rd2+ 21. Kf1 Rf8 22. Re2 Rfd8 23. Rae1 Rxe2 24. Rxe2 Rd1+ 25. Re1 Rd2 26.
Re2 Rd1+ 27. Re1 Rd2 28. Re2 1/2-1/2

[Event "Zurich Korchnoi Open 2017"]
[Site "Zurich SUI"]
[Date "2017.04.15"]
[Round "4.5"]
[White "Esipenko, Andrey"]
[Black "Rakhmanov, Aleksandr"]
[Result "0-1"]
[WhiteTitle "FM"]
[BlackTitle "GM"]
[WhiteElo "2492"]
[BlackElo "2665"]
[WhiteFideId "24175439"]
[BlackFideId "4173708"]
[EventDate "2017.04.13"]

1. d4 d5 2. c4 e6 3. Nc3 Nf6 4. cxd5 exd5 5. Bg5 c6 6. Qc2 h6 7. Bh4 g6 8. e3
Bf5 9. Bd3 Bxd3 10. Qxd3 Nbd7 11. Nge2 Bg7 12. f3 O-O 13. O-O Re8 14. Bf2 Qe7
15. Rae1 Rad8 16. h3 a6 17. Nf4 Nf8 18. Qd1 Ne6 19. Nd3 Nd7 20. Qb3 Ndf8 21. f4
f5 22. Ne5 Bxe5 23. fxe5 Nh7 24. Re2 Rf8 25. Bg3 Rf7 26. Ref2 Rdf8 27. Qd1 Nhg5
28. a3 Kg7 29. Kh2 Ne4 30. Nxe4 dxe4 31. d5 cxd5 32. Qxd5 g5 33. Re2 Rd8 34. Qc4
Qd7 35. Ree1 Qd5 36. Qc3 Qd3 37. Qb4 Qb5 38. Qxb5 axb5 39. Rd1 Rd3 40. Bf2 Rc7
41. Rxd3 exd3 42. Rd1 Rc2 43. Be1 Re2 44. Ba5 Rxe3 45. Bb6 Rxe5 46. Rxd3 Re2 47.
Bc7 Kf6 48. Bd6 Rxb2 49. Rd5 Rb3 50. Be5+ Ke7 51. Bd6+ Kf6 52. Be5+ Kf7 53. Rd7+
Ke8 54. Rxb7 f4 55. Bf6 Nc5 56. Re7+ Kf8 57. Re2 Kf7 58. Be7 Nd3 59. Bd6 Kf6 60.
Rd2 Kf5 61. Rd1 Ke4 62. Kg1 Rb2 63. Ra1 h5 64. Bc7 g4 65. hxg4 hxg4 66. Bb6 f3
67. gxf3+ gxf3 68. Kf1 Kf5 69. Bd4 Rh2 70. Kg1 Rg2+ 71. Kf1 Kg4 72. Rd1 Nf4 73.
Be5 Nh3 74. Bd4 Rh2 75. Ke1 Re2+ 76. Kf1 Kf5 77. Bb6 Ra2 78. Bc5 Ke4 79. Rd4+
Ke5 80. Rd1 Rc2 81. Bb6 Ke6 82. Bd4 Kd5 83. Bb6+ Kc4 84. Ba7 Ra2 85. Rc1+ Kb3
86. Re1 Rxa3 87. Bc5 Ra2 88. Re3+ Kc4 89. Rxf3 Kxc5 90. Rxh3 Rd2 91. Ke1 Rd4 92.
Rc3+ Kb4 93. Rc8 Kb3 94. Ke2 b4 95. Rc7 Kb2 96. Rc8 b3 97. Rc7 Kb1 98. Rc8 b2
99. Ke3 Rd5 100. Ke2 Ra5 0-1

[Event "Zurich Korchnoi Open 2017"]
[Site "Zurich SUI"]
[Date "2017.04.15"]
[Round "4.6"]
[White "Motylev, Alexander"]
[Black "Hera, Imre Jr."]
[Result "1/2-1/2"]
[WhiteTitle "GM"]
[BlackTitle "GM"]
[WhiteElo "2658"]
[BlackElo "2608"]
[WhiteFideId "4121830"]
[BlackFideId "716855"]
[EventDate "2017.04.13"]

1. e4 e5 2. Nf3 d6 3. d4 exd4 4. Nxd4 Nf6 5. Nc3 Be7 6. g3 Nc6 7. Bg2 Nxd4 8.
Qxd4 O-O 9. O-O c6 10. Bf4 Qb6 11. Qxb6 axb6 12. Rad1 b5 13. Bxd6 Bxd6 14. Rxd6
b4 15. Ne2 Rxa2 16. Rb1 Be6 17. f4 g6 18. Nc1 Raa8 19. Nd3 1/2-1/2

[Event "Zurich Korchnoi Open 2017"]
[Site "Zurich SUI"]
[Date "2017.04.15"]
[Round "4.7"]
[White "Klundt, Klaus"]
[Black "Shirov, Alexei"]
[Result "1/2-1/2"]
[WhiteTitle "IM"]
[BlackTitle "GM"]
[WhiteElo "2314"]
[BlackElo "2693"]
[WhiteFideId "4600436"]
[BlackFideId "2209390"]
[EventDate "2017.04.13"]

1. e4 e5 2. Nf3 Nc6 3. Bb5 a6 4. Ba4 Nf6 5. O-O b5 6. Bb3 Bc5 7. c3 d6 8. a4 Rb8
9. d4 Bb6 10. axb5 axb5 11. Na3 O-O 12. Nxb5 Bg4 13. Bc2 Bxf3 14. gxf3 Nh5 15.
f4 Nxf4 16. Bxf4 exf4 17. Qg4 Qf6 18. Na3 Bxd4 19. cxd4 Nxd4 20. Bd3 Rxb2 21.
Nc4 Rb5 22. Kh1 Rg5 23. Qh3 g6 24. Rg1 Ne6 25. e5 dxe5 26. Nd2 Rxg1+ 27. Rxg1
Nc5 28. Bc2 Rd8 29. Qc3 Qd6 30. Nf3 e4 31. Rd1 Nd3 32. Bxd3 exf3 33. h3 Qd4 34.
Qxc7 Rd6 35. Kg1 Qf6 36. Qc8+ Kg7 37. Qg4 h5 38. Qxf3 Rd4 39. Be4 Rxd1+ 40. Qxd1
Kh6 41. Qd5 Kg7 42. Kg2 Kh6 43. Bd3 Qc3 44. Bc4 f6 45. Bd3 Qd2 46. h4 Qd1 47.
Qf3 Qc1 48. Qe4 f5 49. Qd4 Kh7 50. Qc4 Qd1 51. Be2 Qd6 52. Bf3 Kg7 53. Qc3+ Kh7
54. Qc6 Qd8 55. Qb7+ Kh6 56. Qa8 Qf6 57. Qb8 Qd4 58. Qf8+ Kh7 59. Qf7+ Kh6 60.
Bd5 f3+ 61. Kxf3 Qd1+ 62. Kf4 Qd4+ 63. Kf3 Qd1+ 64. Ke3 Qe1+ 65. Kd3 Qf1+ 66.
Kc3 Qe1+ 67. Kc4 Qe2+ 68. Kb4 Qb2+ 69. Ka4 Qb8 70. Qg8 Qa7+ 71. Kb5 Qd7+ 72. Kb6
Qd6+ 1/2-1/2

[Event "Zurich Korchnoi Open 2017"]
[Site "Zurich SUI"]
[Date "2017.04.15"]
[Round "4.9"]
[White "Huss, Andreas"]
[Black "Romanov, Evgeny"]
[Result "0-1"]
[WhiteTitle "IM"]
[BlackTitle "GM"]
[WhiteElo "2313"]
[BlackElo "2640"]
[WhiteFideId "1300180"]
[BlackFideId "4148843"]
[EventDate "2017.04.13"]

1. d4 g6 2. e4 Bg7 3. c3 d6 4. Nf3 Nd7 5. Bc4 e6 6. a4 a5 7. O-O Ne7 8. Re1 b6
9. Na3 h6 10. h3 Bb7 11. Bf4 g5 12. Bg3 Ng6 13. Qd2 Nf6 14. Bd3 Nh5 15. Bh2 Nhf4
16. Bb5+ Kf8 17. Bf1 Qf6 18. Bxf4 Nxf4 19. Nh2 h5 20. g3 Ng6 21. Bg2 Qe7 22. Nc4
Kg8 23. b4 axb4 24. cxb4 h4 25. b5 Qd7 26. Red1 hxg3 27. fxg3 d5 28. Ne5 Nxe5
29. dxe5 Bxe5 30. Qxg5+ Bg7 31. Ng4 Qd8 32. Qxd8+ Rxd8 33. Rac1 Rd7 34. e5 Kf8
35. Rc2 Ke7 36. Rdc1 Kd8 37. Rf1 Rh5 38. Re2 c5 39. bxc6 Bxc6 40. Rf4 Ra7 41.
Rb2 Bxa4 42. Rxb6 Bxe5 43. Nxe5 Rxe5 44. Rb8+ Ke7 45. Rh8 Bc2 46. h4 Ra1+ 47.
Kh2 Re2 48. Kh3 e5 49. Rb4 Bf5+ 50. g4 Ra3+ 51. Kh2 Be4 52. Rxe4 dxe4 0-1

[Event "Zurich Korchnoi Open 2017"]
[Site "Zurich SUI"]
[Date "2017.04.15"]
[Round "4.10"]
[White "Perunovic, Milos"]
[Black "Kolbus, Dietmar"]
[Result "1-0"]
[WhiteTitle "GM"]
[BlackTitle "IM"]
[WhiteElo "2611"]
[BlackElo "2308"]
[WhiteFideId "921629"]
[BlackFideId "4610628"]
[EventDate "2017.04.13"]

1. e4 e5 2. Nf3 Nf6 3. Nc3 Bb4 4. Nxe5 Qe7 5. Nd3 Bxc3 6. dxc3 Qxe4+ 7. Be2 d6
8. O-O O-O 9. Bf3 Qf5 10. h3 h5 11. Nf4 h4 12. Be2 Qh7 13. Nd5 Nxd5 14. Qxd5 Nc6
15. Bd3 Qh8 16. Re1 Bd7 17. Bf4 Rae8 18. Qb5 Rb8 19. Qg5 Rbe8 20. Be4 Be6 21.
Qb5 Rb8 22. Re3 a6 23. Qe2 Ne5 24. b3 f6 25. Bh2 Bf7 26. f4 Nc6 27. Re1 d5 28.
Bf5 Rbd8 29. Be6 Bxe6 30. Rxe6 Qh7 31. f5 Qxf5 32. Bxc7 Rd7 33. Bd6 Rfd8 34. Rf1
Qg6 35. Bc5 d4 36. Bb6 Rc8 37. Rd1 Qf5 38. Re8+ Rxe8 39. Qxe8+ Kh7 40. Rf1 Qd5
41. Rf4 g5 42. Rxf6 Rg7 43. Rf8 Re7 44. Qh5+ Kg7 45. Qh8+ 1-0

[Event "Zurich Korchnoi Open 2017"]
[Site "Zurich SUI"]
[Date "2017.04.15"]
[Round "4.11"]
[White "Martirosyan, Haik M."]
[Black "Salzgeber, Frank"]
[Result "1-0"]
[WhiteTitle "IM"]
[WhiteElo "2515"]
[BlackElo "2211"]
[WhiteFideId "13306553"]
[BlackFideId "1304860"]
[EventDate "2017.04.13"]

1. Nf3 d5 2. c4 d4 3. e3 c5 4. exd4 cxd4 5. g3 Nc6 6. d3 e5 7. Bg2 f6 8. O-O
Nge7 9. Nbd2 Ng6 10. Ne1 Be6 11. h4 Be7 12. Nc2 O-O 13. Rb1 a5 14. a3 Qd7 15. b4
Bg4 16. Bd5+ Be6 17. Qf3 axb4 18. Nxb4 Nxb4 19. Bxe6+ Qxe6 20. axb4 Qc6 21. Qf5
Qc8 22. Qxc8 Rfxc8 23. c5 b5 24. h5 Nh8 25. f4 Nf7 26. Nf3 Bd8 27. fxe5 fxe5 28.
Nd2 Ng5 29. Rf5 Ra2 30. Nb3 Nh3+ 31. Kf1 g6 32. Rf3 gxh5 33. Rb2 Rxb2 34. Bxb2
Ng5 35. Rf5 Nf7 36. Rxh5 Kg7 37. Ke2 Ra8 38. Bc1 Ra2+ 39. Kd1 Kg6 40. Rh1 Ra4
41. Bd2 Bg5 42. c6 Bxd2 43. Kxd2 Rxb4 44. Nc5 Rb2+ 45. Kc1 Rf2 46. c7 Nd6 47.
Ne4 Rf7 48. Nxd6 Rxc7+ 49. Kd2 Ra7 50. Rb1 Ra2+ 51. Kd1 Rg2 52. Ne4 Rg1+ 53. Kc2
Rxb1 54. Kxb1 Kf5 55. Nf2 h5 56. Kc2 Kg5 57. Kb3 h4 58. Ne4+ Kg4 59. gxh4 Kxh4
60. Kb4 Kg4 61. Kxb5 Kf3 62. Kc4 Ke2 63. Nc5 Ke3 64. Kd5 Kf4 65. Ke6 e4 66. Nxe4 1-0

[Event "Zurich Korchnoi Open 2017"]
[Site "Zurich SUI"]
[Date "2017.04.15"]
[Round "4.13"]
[White "Miezis, Normunds"]
[Black "Koehler, Gerhard2"]
[Result "1-0"]
[WhiteTitle "GM"]
[WhiteElo "2468"]
[BlackElo "2158"]
[WhiteFideId "11600136"]
[BlackFideId "12909700"]
[EventDate "2017.04.13"]

1. c4 Nf6 2. Nc3 g6 3. g3 Bg7 4. Bg2 d6 5. e4 O-O 6. Nge2 c5 7. O-O Nc6 8. d3
Ne8 9. Be3 Nd4 10. Qd2 Nc7 11. Bh6 e5 12. Bxg7 Kxg7 13. f4 f6 14. Rab1 a5 15.
fxe5 Nxe2+ 16. Qxe2 fxe5 17. a3 Rxf1+ 18. Rxf1 Bd7 19. Qd2 Qe7 20. Rb1 a4 21.
Rf1 b5 22. cxb5 Bxb5 23. Bh3 Bc6 24. Bg4 Ne6 25. h4 h5 26. Bd1 Rf8 27. Rxf8 Qxf8
28. Nxa4 Nd4 29. Qf2 Qa8 30. Nc3 Qa6 31. Qd2 Bd7 32. Bxh5 gxh5 33. Qg5+ Kh7 34.
Qe7+ Kh8 35. Qd8+ Kh7 36. Qxd7+ Kh8 37. Qe8+ Kg7 38. Qe7+ Kh8 39. Qf8+ Kh7 40.
Qf7+ Kh6 41. Qf1 Qb6 42. Qc1+ Kh7 43. Kg2 Qa6 44. Qd1 Kh6 45. Nd5 Kg6 46. Qd2
Ne6 47. Ne3 Qc6 48. Nf5 1-0

[Event "Zurich Korchnoi Open 2017"]
[Site "Zurich SUI"]
[Date "2017.04.16"]
[Round "5.1"]
[White "Bauer, Christian"]
[Black "Safarli, Eltaj"]
[Result "1/2-1/2"]
[WhiteTitle "GM"]
[BlackTitle "GM"]
[WhiteElo "2619"]
[BlackElo "2680"]
[WhiteFideId "603767"]
[BlackFideId "13402129"]
[EventDate "2017.04.13"]

1. b3 Nf6 2. Bb2 g6 3. Bxf6 exf6 4. c4 d5 5. cxd5 Qxd5 6. Nc3 Qa5 7. a3 c6 8. e3
Bg7 9. Nge2 Nd7 10. b4 Qd8 11. d4 a5 12. Nf4 O-O 13. Be2 f5 14. O-O 1/2-1/2

[Event "Zurich Korchnoi Open 2017"]
[Site "Zurich SUI"]
[Date "2017.04.16"]
[Round "5.3"]
[White "Berkes, Ferenc"]
[Black "Ivanisevic, Ivan"]
[Result "1/2-1/2"]
[WhiteTitle "GM"]
[BlackTitle "GM"]
[WhiteElo "2648"]
[BlackElo "2633"]
[WhiteFideId "718572"]
[BlackFideId "912417"]
[EventDate "2017.04.13"]

1. d4 d5 2. Nf3 Nf6 3. c3 Bf5 4. Qb3 Qc8 5. Bf4 e6 6. e3 Be7 7. Nbd2 O-O 8. Be2
c5 9. Ne5 cxd4 10. exd4 Nc6 11. g4 Be4 12. f3 Bg6 13. Nxg6 fxg6 14. Bg3 Bd8 15.
O-O Bc7 16. Kg2 Nd7 17. f4 Nb6 18. Rf2 Bd6 19. Raf1 Qc7 20. Qb5 Rae8 21. Qd3 Na5
22. b3 Nc6 23. Qe3 Nd7 24. Bd3 a6 25. a4 Nf6 26. h3 Na5 27. Be2 Rf7 28. Rf3 Qc6
29. Bd3 b5 30. axb5 axb5 31. Qe2 Rb7 32. Re3 b4 33. cxb4 Rxb4 34. Rxe6 Nxb3 35.
Nf3 Ne4 36. Ne5 Qa8 37. Rxe8+ Qxe8 38. Bxe4 dxe4 39. Qxe4 Rxd4 40. Qe3 Qe6 41.
Rf2 Qd5+ 42. Qf3 Nd2 43. Qxd5+ Rxd5 44. Re2 1/2-1/2

[Event "Zurich Korchnoi Open 2017"]
[Site "Zurich SUI"]
[Date "2017.04.16"]
[Round "5.5"]
[White "Jenni, Florian"]
[Black "Motylev, Alexander"]
[Result "0-1"]
[WhiteTitle "GM"]
[BlackTitle "GM"]
[WhiteElo "2472"]
[BlackElo "2658"]
[WhiteFideId "1304232"]
[BlackFideId "4121830"]
[EventDate "2017.04.13"]

1. e4 c5 2. Nf3 d6 3. d4 cxd4 4. Nxd4 Nf6 5. Nc3 a6 6. Be3 e6 7. g4 h6 8. Bg2 e5
9. Nf5 g6 10. Nxh6 Bxh6 11. Bxh6 Nxg4 12. Bd2 Nc6 13. h3 Qh4 14. Qe2 Be6 15. Qf1
Nf6 16. O-O-O Rc8 17. f4 Nh5 18. f5 gxf5 19. exf5 Ng3 20. Qf2 Nxf5 21. Qb6 Ng3
22. Rhe1 Qe7 23. Kb1 Nf5 24. Nd5 Bxd5 25. Bxd5 Nfd4 26. c3 Ne6 27. Rg1 Rc7 28.
Bxe6 fxe6 29. Bg5 Qh7+ 30. Ka1 d5 31. Bf6 Rf8 32. Bxe5 Nxe5 33. Qxe6+ Qe7 34.
Qxd5 Rd7 35. Qe4 Nf3 36. Qg6+ Qf7 37. Qe4+ Qe7 38. Qg6+ Qf7 39. Qe4+ Kd8 40. Rh1
Nd2 41. Qe3 Qf2 42. Qe5 Kc8 43. Qe6 Qf5 44. Qe3 Rfd8 45. Rde1 Rd5 46. a3 Qc2 47.
Qe6+ Kb8 48. Qb6 Nc4 49. Qb4 Rb5 0-1

[Event "Zurich Korchnoi Open 2017"]
[Site "Zurich SUI"]
[Date "2017.04.16"]
[Round "5.12"]
[White "Wyss, Jonas"]
[Black "Esipenko, Andrey"]
[Result "0-1"]
[WhiteTitle "FM"]
[BlackTitle "FM"]
[WhiteElo "2246"]
[BlackElo "2492"]
[WhiteFideId "1311387"]
[BlackFideId "24175439"]
[EventDate "2017.04.13"]

1. e4 e5 2. Nf3 Nc6 3. Bb5 a6 4. Ba4 Nf6 5. O-O Be7 6. Re1 b5 7. Bb3 d6 8. c3
O-O 9. h3 Bb7 10. d4 Re8 11. Ng5 Rf8 12. Nf3 Nd7 13. Nbd2 Re8 14. Nf1 exd4 15.
cxd4 Na5 16. Bc2 Bf6 17. Bf4 Nf8 18. N1h2 Ne6 19. Bg3 c5 20. e5 dxe5 21. dxe5
Be7 22. Qe2 Qb6 23. Rad1 Rad8 24. Bb1 Rxd1 25. Rxd1 Rd8 26. Rxd8+ Qxd8 27. Ng4
Nc4 28. Kh2 h5 29. Qc2 Nf8 30. Ne3 Bxf3 31. gxf3 h4 32. Bf4 Qd4 33. Qe4 Qxb2 34.
Ng4 Qd4 35. Qf5 Ng6 36. Be3 Nxe3 37. fxe3 Qd2+ 38. Kh1 Nf8 39. Nf6+ gxf6 40.
Qg4+ Kh8 41. Qxh4+ Kg7 42. Qg4+ Ng6 43. exf6+ Bxf6 44. Be4 Qxe3 45. h4 Qe1+ 0-1

[Event "Zurich Korchnoi Open 2017"]
[Site "Zurich SUI"]
[Date "2017.04.16"]
[Round "5.13"]
[White "Reinwald, Patrick"]
[Black "Klundt, Klaus"]
[Result "1/2-1/2"]
[BlackTitle "IM"]
[WhiteElo "2155"]
[BlackElo "2314"]
[WhiteFideId "1622790"]
[BlackFideId "4600436"]
[EventDate "2017.04.13"]

1. d4 Nf6 2. c4 e6 3. Nc3 d5 4. cxd5 exd5 5. Bg5 c6 6. e3 Be7 7. Bd3 Nbd7 8.
Nge2 Nh5 9. Bxe7 Qxe7 10. Qd2 Nb6 11. f3 O-O 12. O-O Re8 13. e4 dxe4 14. fxe4
Be6 15. b3 Rad8 16. Kh1 f6 17. Qe1 Rf8 18. Qh4 g6 19. Rf3 Nc8 20. g4 Ng7 21. d5
cxd5 22. exd5 Rxd5 23. Rh3 h5 24. Nxd5 Bxd5+ 25. Kg1 Qc5+ 26. Kf1 g5 1/2-1/2

[Event "Zurich Korchnoi Open 2017"]
[Site "Zurich SUI"]
[Date "2017.04.16"]
[Round "5.14"]
[White "Jovanovic, Sladjan"]
[Black "Weinzettl, Ernst"]
[Result "1/2-1/2"]
[BlackTitle "IM"]
[WhiteElo "2141"]
[BlackElo "2294"]
[WhiteFideId "1313860"]
[BlackFideId "1600575"]
[EventDate "2017.04.13"]

1. d4 Nf6 2. c4 g6 3. Nc3 Bg7 4. e4 d6 5. Bd3 O-O 6. Nge2 Nc6 7. f3 Nd7 8. Be3
e5 9. d5 Nb4 10. Bb1 Bh6 11. Bf2 f5 12. a3 Na6 13. b4 Nf6 14. O-O f4 15. c5 g5
16. cxd6 cxd6 17. h3 Qe8 18. b5 Nc7 19. b6 axb6 20. Bxb6 Na6 21. Kf2 Nd7 22. Na4
Nxb6 23. Nxb6 1/2-1/2

[Event "Zurich Korchnoi Open 2017"]
[Site "Zurich SUI"]
[Date "2017.04.16"]
[Round "5.16"]
[White "Kolbus, Dietmar"]
[Black "Borner, Daniel"]
[Result "1/2-1/2"]
[WhiteTitle "IM"]
[BlackTitle "FM"]
[WhiteElo "2308"]
[BlackElo "2138"]
[WhiteFideId "4610628"]
[BlackFideId "1301659"]
[EventDate "2017.04.13"]

1. c4 g6 2. e4 Bg7 3. d4 d6 4. Nc3 Nf6 5. Bd3 O-O 6. Nge2 Nc6 7. f3 Nd7 8. Be3
e5 9. d5 Nd4 10. Nb5 Nxb5 11. cxb5 f5 12. Nc3 Bh6 13. Bf2 Nf6 14. O-O Nh5 15.
Re1 Rf7 16. Bf1 Bg5 17. a4 Bh4 18. g3 Bg5 19. Ra3 Nf6 20. Bg2 h5 21. h3 f4 22.
h4 fxg3 23. Bxg3 Bh6 24. Re2 g5 25. Qe1 g4 26. Nd1 gxf3 27. Bxf3 Ng4 28. Nf2 Qf8 1/2-1/2

[Event "Zurich Korchnoi Open 2017"]
[Site "Zurich SUI"]
[Date "2017.04.16"]
[Round "6.1"]
[White "Tregubov, Pavel V."]
[Black "Safarli, Eltaj"]
[Result "0-1"]
[WhiteTitle "GM"]
[BlackTitle "GM"]
[WhiteElo "2579"]
[BlackElo "2680"]
[WhiteFideId "4115341"]
[BlackFideId "13402129"]
[EventDate "2017.04.13"]

1. d4 Nf6 2. c4 e6 3. Nc3 Bb4 4. e3 b6 5. Ne2 Ba6 6. a3 Bxc3+ 7. Nxc3 d5 8. b3
O-O 9. a4 Nc6 10. Ba3 Re8 11. Be2 dxc4 12. O-O Nd5 13. Rc1 Na5 14. b4 Nb3 15.
Rc2 c6 16. b5 cxb5 17. axb5 Bb7 18. Bxc4 Na5 19. Nxd5 Bxd5 20. Bxd5 exd5 21. Qd3
Qd7 22. Rb1 Nc4 23. Bc1 Rac8 24. Bd2 Rc7 25. Be1 h6 26. h3 Rec8 27. f3 Qe8 28.
Re2 Nd6 29. e4 Rc1 30. Rxc1 Rxc1 31. Kh2 Qxb5 32. Qe3 Rc8 33. Bg3 Nc4 34. Qf4
Qd7 35. exd5 Qxd5 36. Re7 a5 37. Qg4 Ra8 38. Be5 Nxe5 39. dxe5 a4 40. f4 Qd8 41.
Rd7 Qe8 42. Rd2 a3 43. Qe2 Qa4 44. e6 a2 45. exf7+ Kxf7 46. Qh5+ Kg8 0-1

[Event "Zurich Korchnoi Open 2017"]
[Site "Zurich SUI"]
[Date "2017.04.16"]
[Round "6.2"]
[White "Van Wely, Loek"]
[Black "Romanov, Evgeny"]
[Result "1/2-1/2"]
[WhiteTitle "GM"]
[BlackTitle "GM"]
[WhiteElo "2669"]
[BlackElo "2640"]
[WhiteFideId "1000268"]
[BlackFideId "4148843"]
[EventDate "2017.04.13"]

1. c4 Nf6 2. Nf3 b6 3. Nc3 Bb7 4. d4 e6 5. a3 g6 6. d5 Bg7 7. g3 O-O 8. Bg2 c6
9. dxe6 dxe6 10. O-O c5 11. Bf4 Nc6 12. Nb5 Ne8 13. Qxd8 Rxd8 14. Rad1 Rxd1 15.
Rxd1 Bxb2 16. Nd2 g5 17. Bxg5 f6 18. Bh6 Rf7 19. Ne4 Nd4 20. e3 Nxb5 21. Rd8 Re7
22. cxb5 Bxe4 23. Bxe4 Kf7 24. Bxh7 f5 25. e4 Bg7 26. Bg5 Bf6 27. Bh6 Bg7 28.
Bg5 Bf6 29. Bf4 Kg7 30. e5 Kxh7 31. exf6 Nxf6 32. Be5 Kg6 33. h4 Ng4 34. Bc3 e5
35. f3 Nf6 36. Rd6 Kf7 37. Kf2 Re6 38. Rd8 Re7 39. Rd6 Re6 40. Rd8 Re7 41. Bd2
e4 42. Bg5 exf3 43. Kxf3 Re4 44. Rd6 Re6 45. Rc6 Ne4 46. Rc7+ Kg6 47. Bf4 Nc3
48. Rc6 Kf7 49. a4 Nd5 50. h5 Re4 51. a5 Nxf4 52. gxf4 Rb4 53. axb6 Rb3+ 54. Ke2
axb6 55. Rxb6 Kg7 56. Rg6+ Kh7 57. b6 c4 58. Kd2 Rd3+ 59. Kc1 Rb3 60. Kc2 Kh8
61. Rc6 Kg7 62. Rd6 Kh7 63. Rg6 Kh8 64. Rf6 Kg7 65. Rc6 Kh7 66. Kd2 Kg7 67. Ke2
Kh7 68. Rf6 Kg7 69. Rxf5 Rxb6 70. Rc5 Kh6 71. Kf3 Rb1 72. Kg4 Rg1+ 73. Kf5 Rc1
74. Rc8 c3 75. Rc7 c2 76. Rc3 Kg7 77. Rc6 Kf7 78. Rc7+ Kg8 79. h6 Rh1 80. Rxc2
Rxh6 1/2-1/2

[Event "Zurich Korchnoi Open 2017"]
[Site "Zurich SUI"]
[Date "2017.04.16"]
[Round "6.4"]
[White "Motylev, Alexander"]
[Black "Bauer, Christian"]
[Result "1/2-1/2"]
[WhiteTitle "GM"]
[BlackTitle "GM"]
[WhiteElo "2658"]
[BlackElo "2619"]
[WhiteFideId "4121830"]
[BlackFideId "603767"]
[EventDate "2017.04.13"]

1. e4 e6 2. d4 d5 3. Nd2 c5 4. exd5 Qxd5 5. Ngf3 cxd4 6. Bc4 Qd7 7. O-O Nc6 8.
Nb3 Nf6 9. Nbxd4 Nxd4 10. Qxd4 Qxd4 11. Nxd4 Bd7 12. Rd1 Bc5 13. Bf4 1/2-1/2

[Event "Zurich Korchnoi Open 2017"]
[Site "Zurich SUI"]
[Date "2017.04.16"]
[Round "6.5"]
[White "Hera, Imre Jr."]
[Black "Berkes, Ferenc"]
[Result "1/2-1/2"]
[WhiteTitle "GM"]
[BlackTitle "GM"]
[WhiteElo "2608"]
[BlackElo "2648"]
[WhiteFideId "716855"]
[BlackFideId "718572"]
[EventDate "2017.04.13"]

1. g3 e5 2. c4 Nf6 3. Bg2 c6 4. Nf3 d6 5. Nc3 Nbd7 6. O-O Be7 7. d3 O-O 8. a3 a5
9. Rb1 Re8 10. b4 axb4 11. axb4 Nf8 12. Bb2 Ng6 13. Qb3 h6 14. b5 Be6 15. Rfd1
Bf8 16. Ba3 Qc8 17. Nd2 Bh3 18. Nde4 Nxe4 19. dxe4 Nf4 20. Bxh3 Nxh3+ 21. Kg2
Qe6 22. Bc1 Ng5 23. Bxg5 hxg5 24. h3 g4 25. hxg4 Qxg4 26. Rh1 Qe6 27. Nd1 g6 28.
Ne3 Be7 29. Rh3 Kg7 30. Rbh1 Rh8 31. Rxh8 Rxh8 32. Rxh8 Kxh8 33. Qa4 Bg5 34.
Qa8+ Kg7 35. Qxb7 Bxe3 36. bxc6 Qxc4 37. Kf3 Qc1 38. Kg2 Qe1 39. fxe3 Qxe2+ 40.
Kh1 Qf3+ 41. Kh2 Qf2+ 42. Kh1 Qf3+ 43. Kh2 Qe2+ 44. Kh1 Qd1+ 45. Kh2 Qc2+ 46.
Kg1 Qxe4 47. Qb6 Qc2 48. c7 d5 49. Qb8 Qd1+ 50. Kf2 Qd2+ 51. Kf1 Qd1+ 1/2-1/2

[Event "Zurich Korchnoi Open 2017"]
[Site "Zurich SUI"]
[Date "2017.04.16"]
[Round "6.6"]
[White "Guseinov, Gadir"]
[Black "Zhigalko, Andrey"]
[Result "1-0"]
[WhiteTitle "GM"]
[BlackTitle "GM"]
[WhiteElo "2643"]
[BlackElo "2577"]
[WhiteFideId "13401378"]
[BlackFideId "13502247"]
[EventDate "2017.04.13"]

1. e4 c5 2. Nf3 d6 3. Nc3 Nf6 4. e5 dxe5 5. Nxe5 a6 6. g3 Qd6 7. Nc4 Qc6 8. Rg1
Bg4 9. Be2 h5 10. d3 g6 11. Bf4 Bg7 12. Bxg4 hxg4 13. Qe2 Nbd7 14. O-O-O Kf8 15.
Rh1 b5 16. Nd2 Re8 17. f3 gxf3 18. Nxf3 Nd5 19. Nxd5 Qxd5 20. Kb1 Nb8 21. Bxb8
Rxb8 22. h4 Rb6 23. Rhf1 Bf6 24. Qf2 Bd4 25. Nxd4 cxd4 26. Rde1 Rf6 27. Qe2 Qd6
28. Rxf6 exf6 29. Qf2 Rh5 30. g4 Re5 31. Rf1 Kg7 32. a3 a5 33. h5 gxh5 34. gxh5
Rxh5 35. Rg1+ Rg5 36. Rh1 b4 37. axb4 axb4 38. Qh4 Kf8 39. Qe4 Re5 40. Rh8+ Ke7
41. Qb7+ Qd7 42. Qxb4+ Ke6 43. Rh4 Rd5 44. Re4+ Kf5 45. Qe1 Kg6 46. Qg1+ Rg5 47.
Qxd4 Qxd4 48. Rxd4 Rg1+ 49. Ka2 f5 50. c4 Kg5 51. c5 f4 52. c6 Rc1 53. Rc4 Rxc4
54. dxc4 f3 55. c7 f2 56. c8=Q f1=Q 57. Qd8+ f6 58. Kb3 Kg4 59. Qd4+ Kg3 60. c5
f5 61. Qc3+ Kh4 62. c6 f4 63. c7 Qb5+ 64. Ka3 Qa6+ 65. Kb4 Qb7+ 66. Ka4 Qa6+ 67.
Qa5 Qc6+ 68. Ka3 f3 69. Qa4+ Qxa4+ 70. Kxa4 f2 71. c8=Q f1=Q 72. b4 Qa1+ 73. Kb5
Kg3 74. Kb6 Qd4+ 75. Qc5 Qf6+ 76. Kb7 Qf3+ 77. Qc6 Qe3 78. b5 Kh3 79. b6 Qe7+
80. Kb8 Kh4 81. Qa4+ Kg5 82. b7 Qf8+ 83. Ka7 Qc5+ 84. Ka8 Qd5 85. Qb4 Kh5 86.
Ka7 Qd7 87. Kb6 Qd8+ 88. Ka6 Qb8 89. Qd4 Kg5 90. Kb6 Qe8 91. Qd6 Qe3+ 92. Qc5+ 1-0

[Event "Zurich Korchnoi Open 2017"]
[Site "Zurich SUI"]
[Date "2017.04.16"]
[Round "6.7"]
[White "Esipenko, Andrey"]
[Black "Lazarev, Vladimir"]
[Result "1-0"]
[WhiteTitle "FM"]
[BlackTitle "GM"]
[WhiteElo "2492"]
[BlackElo "2373"]
[WhiteFideId "24175439"]
[BlackFideId "4113250"]
[EventDate "2017.04.13"]

1. d4 Nf6 2. c4 e6 3. Nf3 d5 4. Nc3 Bb4 5. Bg5 h6 6. Bxf6 Qxf6 7. Qa4+ Nc6 8. e3
Bd7 9. Qb3 dxc4 10. Bxc4 O-O 11. O-O Bd6 12. Ne4 Qe7 13. Nxd6 Qxd6 14. Qc3 Rfc8
15. Rfd1 Qb4 16. Rac1 Qxc3 17. Rxc3 Ne7 18. Ne5 Be8 19. Bb3 c6 20. Rcc1 Rd8 21.
a3 g5 22. Nd3 b6 23. f3 Kg7 24. Kf2 Rac8 25. Bc4 a5 26. Ke2 Rc7 27. Ba2 Rcc8 28.
Rd2 Rd6 29. Nf2 Rdd8 30. Rdc2 Rb8 31. Ne4 f5 32. Nf2 f4 33. g4 fxe3 34. Kxe3 Bg6
35. Rd2 Kf7 36. Ne4 Nd5+ 37. Bxd5 exd5 38. Nc3 Ke6 39. h4 Kd6 40. hxg5 hxg5 41.
Rh2 Rf8 42. Rh6 Rbe8+ 43. Ne4+ dxe4 44. Rxg6+ Kd7 45. fxe4 Rf4 46. e5 c5 47. Rd1
Rxg4 48. dxc5+ Ke7 49. cxb6 Rh8 50. b7 Rg3+ 51. Ke4 Rh4+ 52. Kd5 Rb3 53. Rg7+
Kf8 54. Rc7 Rb5+ 55. Kc6 Rc4+ 56. Kxb5 1-0